| 000 | 00510nam a22001577a 4500 | ||
|---|---|---|---|
| 003 | macl | ||
| 005 | 20240518134548.0 | ||
| 008 | 240518b |||||||| |||| 00| 0 eng d | ||
| 040 | _cmacl | ||
| 082 | _a001 | ||
| 100 |
_aSuchit Kumar _982380 |
||
| 245 | _aरेलवे भर्ती परीक्षा हेतु रेलवे सामान्य अध्ययन | ||
| 260 |
_bspeedy Pub. _c2024 _aPatna |
||
| 650 |
_aसामान्य वर्ग _936 |
||
| 942 |
_2ddc _cC. BOOKS |
||
| 999 |
_c66866 _d66866 |
||